Tratados internacionales interpretados por la Corte Suprema /
Guardado en:
| Autor Principal: | |
|---|---|
| Otros Autores: | |
| Formato: | Libro |
| Idioma: | Undetermined |
| Publicado: |
Buenos Aires :
Ad - Hoc,
2000.
|
| Edición: | 1a. ed. |
| Materias: | |
| Etiquetas: |
Agregar Etiqueta
Sin Etiquetas, Sea el primero en etiquetar este registro!
|
| LEADER | 00609nam a22001815a 4500 | ||
|---|---|---|---|
| 001 | DER.der015165 | ||
| 008 | 250415s2000####ag############000#0#und#d | ||
| 005 | 20250416172254.0 | ||
| 245 | 1 | 0 | |a Tratados internacionales interpretados por la Corte Suprema / |c José Luis Amadeo ; prólogo de Antonio Boggiano. |
| 250 | |a 1a. ed. | ||
| 260 | |a Buenos Aires : |b Ad - Hoc, |c 2000. | ||
| 300 | |a 251 p. | ||
| 020 | |a 9508942479 | ||
| 100 | 1 | |a Amadeo, José Luis. | |
| 700 | 1 | |a Boggiano, Antonio, |e prol. | |
| 650 | 7 | |a DERECHO CONSTITUCIONAL | |
| 650 | 7 | |a DERECHO INTERNACIONAL PUBLICO | |
| 859 | |a DERECHO |b BIB. DERECHO |h 342.02 |i AMA |p 0010561 | ||
